Nevěsta na prodej /

Hlavní autor: Vandenberg, Patricia, 1921-2007
Další autoři: Kles, David
Jazyk: Čeština
Vydáno: Praha : I. Železný, 1993
Vydání: 1. vyd.
Edice: Knihovnička Večerů pod lampou
Dr. Norden
Fyzický popis: 62 s.
Knihy
Uloženo v:
LEADER 00979nam a2200301 a 4500
001 000007361
003 CZ BrMZK
005 19931123143423.0
007 ta
008 931005s1993 xr f cze d
020 |a 80-237-0308-0  |c 11.90 
040 |a BOA001  |b cze 
080 |a 82-312.5=850  |2 MRF 
100 1 |a Vandenberg, Patricia,  |d 1921-2007  |7 jn20000810141 
245 1 0 |a Nevěsta na prodej /  |c Patricia Vandenbergová ; Z něm. orig. přel. David Kles 
250 |a 1. vyd. 
260 |a Praha :  |b I. Železný,  |c 1993 
300 |a 62 s. 
490 1 |a Knihovnička Večerů pod lampou ;  |v 681 
490 1 |a Dr. Norden ;  |v 66 (38/93) 
700 1 |a Kles, David  |7 jx20050726039 
765 0 |t <<Eine >>Liebe, von der niemand weiss 
830 0 |a Knihovnička Večerů pod lampou 
830 0 |a Dr. Norden  |0 s 
910 |a BOA001  |b 1-0993.279 
962 |a 82-31 
990 |a BK 
996 6 |b 2610002867  |c 1-0993.279  |l MZK  |r Sklad / do 1 hodiny  |n 2  |p p.v.  |w 000007361  |u 000010  |a 1  |e BOA001  |j MZK50  |s P